| 000 | 01158nam a22002531 4500 | ||
|---|---|---|---|
| 001 | 105405 | ||
| 003 | ES-MaACL | ||
| 005 | 20250917063043.0 | ||
| 007 | t| | ||
| 008 | 060706s1953 sp ||||0| spa d | ||
| 080 | _a86-4"19" | ||
| 100 | 1 |
_aMaldonado de Guevara, Francisco, _d1891-1985 _975725 |
|
| 245 | 1 | 0 |
_aCinco salvaciones : _bSalmo en la cárcel ; El ocaso de los héroes ; Emblemática y política ; El burlador de la noche ; La renuncia de la magia en el "Quijote" y en el "Fausto" : [ensayos sobre literatura española] / _cFrancisco Maldonado de Guevara. |
| 260 |
_aMadrid : _bRevista de Occidente, _c1953 ( _fViuda de Galo Sáez) |
||
| 300 |
_a335 p ; _c23 cm. |
||
| 600 | 1 | 4 |
_aCervantes Saavedra, Miguel de, _d1547-1616. _tDon Quijote de la Mancha _937612 |
| 600 | 1 | 4 |
_aGoethe, Johann Wolfgang von, _d1749-1832. _tFaust _957573 |
| 650 | 4 |
_aLiteratura española- _xHistoria y crítica _914560 |
|
| 650 | 0 | 0 |
_aMagia- _xEn la literatura. _914731 |
| 740 | 3 | 2 | _aLa renuncia de la magia en el "Quijote" y en el "Fausto" |
| 852 |
_aES-MaACL _jAND-201 _z- Biblioteca Juan Andrade |
||
| 852 |
_aES-MaACL _jC-7270 |
||
| 999 |
_c105405 _d105405 |
||